| 000 | 00721nam a22001577a 4500 | ||
|---|---|---|---|
| 999 |
_c13839 _d13839 |
||
| 008 | 190424b ||||| |||| 00| 0 eng d | ||
| 082 |
_22019 _aUT 1212 _bG16 |
||
| 100 |
_aGarcia, April Lhyn A. _938484 |
||
| 245 |
_aA tracer study on underemployment and unemployment rates of the department of business administration graduates from S.Y 2014-2017 in Um Digos College / _cApril Lhyn A. Garcia, Bernadine M. Paraiso, and Mary Jane L. Rebigan |
||
| 260 |
_aDigos City: _bUMDC _cJanuary 2019. |
||
| 300 |
_a67 pages; _c30 cm. |
||
| 650 |
_aBusiness Administration _vHuman Resource Management _xUndergraduate Thesis. _938485 |
||
| 700 |
_aParaiso, Bernadine M. _938486 |
||
| 700 |
_aRebigan, Mary Jane L. _938487 |
||
| 942 |
_2ddc _cUT |
||